[Event "SLO-chT2"]
[Site "Ljubljana"]
[Date "2007.11.16"]
[Round "2.6"]
[White "Luzar, Emil"]
[Black "Hozjan, Erik"]
[Result "1-0"]
[WhiteElo "2199"]
[BlackElo "1577"]
[PlyCount "63"]
[EventDate "2007.11.15"]
[EventType "team"]
[EventRounds "9"]
[EventCountry "SLO"]
[SourceTitle "CBM 121 Extra"]
[Source "ChessBase"]
[SourceDate "2008.01.10"]
[SourceVersion "1"]
[SourceVersionDate "2008.01.10"]
[SourceQuality "1"]
[WhiteTeam "Krka Novo Mesto"]
[BlackTeam "Tolmin"]
[WhiteTeamCountry "SLO"]
[BlackTeamCountry "SLO"]

1. e4 c5 2. Nc3 Nc6 3. f4 g6 4. Nf3 Bg7 5. Bb5 e6 6. 0-0 Nge7 7. Kh1 0-0 8. d3 Nd4 9. Nxd4 cxd4 10. Ne2 a6 11. Ba4 b5 12. Bb3 Bb7 13. Ng3 d5 14. f5 dxe4 15. dxe4 exf5 16. exf5 Nd5 17. Qg4 Nf6 18. Qf4 Bd5 19. Qh4 Bxb3 20. axb3 Qd6 21. Bf4 Qc6 22. Be5 Ng4 23. Bxg7 Ne3 24. Rf2 Kxg7 25. Qxd4+ Kg8 26. Qxe3 Rad8 27. Raf1 Rd7 28. Qh6 f6 29. fxg6 hxg6 30. Qxg6+ Rg7 31. Qe4 Qd6 32. Nf5 1-0

[Event "SLO-chT U20"]
[Site "Murska Sobota"]
[Date "2007.08.31"]
[Round "9"]
[White "Drnovsek, Nejc"]
[Black "Hozjan, Erik"]
[Result "1-0"]
[WhiteElo "2046"]
[BlackElo "1577"]
[PlyCount "87"]
[EventDate "2007.08.25"]
[EventType "team-swiss"]
[EventRounds "9"]
[EventCountry "SLO"]
[SourceTitle "CBM 120 Extra"]
[Source "ChessBase"]
[SourceDate "2007.11.01"]
[SourceVersion "1"]
[SourceVersionDate "2007.11.01"]
[SourceQuality "1"]

1. d4 d5 2. c4 c6 3. Nf3 Nf6 4. Nc3 g6 5. e3 Bg7 6. Qb3 e6 7. Bd3 0-0 8. 0-0 Qc7 9. Bd2 Nbd7 10. Rac1 Nb6 11. cxd5 Nbxd5 12. Ne2 Bd7 13. e4 Ne7 14. Bb4 Rfe8 15. Nc3 Qf4 16. Bxe7 Rxe7 17. Qxb7 Rb8 18. Qxa7 Rxb2 19. Qa3 Rxf2 20. Rxf2 Ng4 21. Ne2 Qe3 22. Rcf1 Re8 23. Qb3 Bh6 24. Bc2 Qxb3 25. Bxb3 Be3 26. Nc3 Nxf2 27. Rxf2 Bxf2+ 28. Kxf2 f6 29. Na4 Kf7 30. Nc5 Ke7 31. e5 Bc8 32. Ba4 fxe5 33. Bxc6 Rf8 34. dxe5 Kd8 35. Ba4 Kc7 36. Bb3 h6 37. Nxe6+ Bxe6 38. Bxe6 Kd8 39. Bb3 g5 40. Ke2 Rf4 41. Ke3 Rg4 42. g3 h5 43. Nd4 Ke7 44. Bd1 1-0

[Event "SLO-chT U20"]
[Site "Murska Sobota"]
[Date "2007.08.27"]
[Round "4"]
[White "Vombek, Sara"]
[Black "Hozjan, Erik"]
[Result "1-0"]
[WhiteElo "1873"]
[BlackElo "1577"]
[PlyCount "65"]
[EventDate "2007.08.25"]
[EventType "team-swiss"]
[EventRounds "9"]
[EventCountry "SLO"]
[SourceTitle "CBM 120 Extra"]
[Source "ChessBase"]
[SourceDate "2007.11.01"]
[SourceVersion "1"]
[SourceVersionDate "2007.11.01"]
[SourceQuality "1"]

1. e4 c5 2. Nf3 Nc6 3. d4 cxd4 4. Nxd4 g6 5. c4 Bg7 6. Nc2 Nf6 7. Nc3 0-0 8. Be2 d6 9. 0-0 Be6 10. Kh1 Qc7 11. Rb1 Ne5 12. b3 Nfd7 13. Nb5 Qc8 14. f4 f5 15. fxe5 Nxe5 16. Ncd4 fxe4 17. Nxe6 Qxe6 18. Nc7 Qc8 19. Nxa8 Qxa8 20. Qd5+ Kh8 21. Qxe4 Qc8 22. Be3 Nc6 23. Rxf8+ Qxf8 24. Rf1 Qc8 25. Bg4 Qd8 26. Be6 Qa5 27. Bd5 Ne5 28. Bd4 Qxa2 29. Bxe5 dxe5 30. Qg4 Qa5 31. Qc8+ Qd8 32. Qxd8+ Bf8 33. Qxf8# 1-0

[Event "SLO-chT U20"]
[Site "Murska Sobota"]
[Date "2007.08.26"]
[Round "2"]
[White "Plaskan, Jure"]
[Black "Hozjan, Erik"]
[Result "1-0"]
[WhiteElo "2061"]
[BlackElo "1577"]
[PlyCount "139"]
[EventDate "2007.08.25"]
[EventType "team-swiss"]
[EventRounds "9"]
[EventCountry "SLO"]
[SourceTitle "CBM 120 Extra"]
[Source "ChessBase"]
[SourceDate "2007.11.01"]
[SourceVersion "1"]
[SourceVersionDate "2007.11.01"]
[SourceQuality "1"]

1. e4 c5 2. Nf3 Nc6 3. d4 cxd4 4. Nxd4 g6 5. c4 Bg7 6. Be3 Nf6 7. Nc3 0-0 8. Be2 d6 9. 0-0 Qb6 10. Ndb5 Qd8 11. f3 Nd7 12. Qd2 a6 13. Na3 f5 14. Rab1 fxe4 15. Nxe4 Nf6 16. Nc3 Bf5 17. Rbc1 Qa5 18. Rfe1 Rad8 19. Bd3 Bxd3 20. Qxd3 d5 21. cxd5 Nxd5 22. Nxd5 Rxd5 23. Qb3 Kh8 24. Qxb7 Ne5 25. Red1 e6 26. Rxd5 Qxd5 27. Qxd5 exd5 28. Rd1 Rd8 29. Bd4 Nc6 30. Bxg7+ Kxg7 31. Nc2 d4 32. Rd3 Kf6 33. Kf2 Ke5 34. Ke1 Rb8 35. b3 Rb5 36. Kd2 Ra5 37. a4 Rd5 38. Kc1 Ne7 39. Kb2 Nf5 40. Nb4 Rd6 41. g3 Ne3 42. Rd2 Nf1 43. Re2+ Kf5 44. Nd3 Ne3 45. b4 Nd1+ 46. Kb3 Rc6 47. Re5+ Kf6 48. Rc5 Rd6 49. b5 axb5 50. axb5 Nc3 51. Kc4 Na4 52. Rc6 Rxc6+ 53. bxc6 Ke6 54. Kxd4 Kd6 55. Nb4 Nc5 56. f4 Ne6+ 57. Ke4 Kc5 58. Ke5 Nc7 59. Nd3+ Kxc6 60. Kf6 Nd5+ 61. Kg7 Ne7 62. Ne5+ Kd5 63. Kxh7 g5 64. fxg5 Kxe5 65. g6 Kf6 66. g7 Kf7 67. g4 Ng8 68. g5 Nf6+ 69. gxf6 Kxf6 70. g8Q 1-0